01154cam a2200325 a 4500001000500000005001700005020001500022040002300037050002100060082001200081100001900093245008100112246001000193250003200203260003900235300006000274490001100334505000800345520010100353521003000454521002000484650003500504650001400539650002100553700003800574906004500612942001500657999001500672952014100687391620240523135722.0 a059068714X aDLCcDLCdDLCbeng00aQA113.M366b199900a513.2111 aMarzollo, Jean10aI spy little numbers /crhymes by Jean Marzollo ; photographs by Walter Wick30aI spy aFirst printing , April 1999 aNew York :bScholastic Inc.,c1999 a23 unnumbered pages : bcolor illustrations ; c13 cm. aI Spy  aC  aRhyming text invites the reader to find hidden objects representing the numbers from one to ten. a140 bLexile estimate  aC bRaz-Plus  0aCountingxJuvenile literature. 1aCounting. 1aPicture puzzles.1 aWick, Walterd1953-eillustrator  a7bcbccorignewd1eocipf19gy-gencatlg 2ddccBKn0 c3916d3916 00102ddc40708JUVFa001b001cTTPd2024-05-23l1oMAR 513.211 QA113.M366pFISBK07002r2025-09-15 14:24:10s2025-09-04w2024-05-23yBK